000 005500000a22001810004500
003 MACL
005 20210116145038.0
008 160527b xxu||||| |||| 00| 0 eng d
040 _aMACL
_cMACL
041 _aHindi
082 _a891.433
100 _aकादिरोव, पिरिमकुल
_960348
245 _aबाबर
_cपिरिमकुल कादिरोव
260 _bगौरव प्रकाशन
_c2002
_aदिल्‍ली
350 _a200
650 _aNovel
_960349
942 _cHIN
_k891.433/KAD/N
_2ddc
999 _c10227
_d10227